Bullying and delinquency in a Dutch school population
| Authors: | ; |
|---|---|
| Format: | Print Book |
| Language: | English |
| Published: |
The Hague
Kugler [u.a.]
1999
|
| In: | Year: 1999 |
| Availability in Tübingen: | Present in Tübingen. IFK: N XIII 333 UB: KB 8 E 8262 |
| Check availability: | HBZ Gateway |
| Subito Delivery Service: | Order now. |
| Keywords: |
MARC
| LEADER | 00000cam a2200000 c 4500 | ||
|---|---|---|---|
| 001 | 1605358800 | ||
| 003 | DE-627 | ||
| 005 | 20251225192324.0 | ||
| 007 | tu | ||
| 008 | 990825s1999 xx ||||| 00| ||eng c | ||
| 020 | |a 9062991718 |9 90-6299-171-8 | ||
| 035 | |a (DE-627)1605358800 | ||
| 035 | |a (DE-576)079423000 | ||
| 035 | |a (DE-599)BSZ079423000 | ||
| 035 | |a (OCoLC)43334260 | ||
| 040 | |a DE-627 |b ger |c DE-627 |e rakwb | ||
| 041 | |a eng | ||
| 082 | 0 | |a 371.5/8 | |
| 084 | |a 5,2 |2 ssgn | ||
| 100 | 1 | |a Junger-Tas, Josine |d 1929-2011 |0 (DE-588)133204634 |0 (DE-627)538275499 |0 (DE-576)164759271 |4 aut | |
| 109 | |a Junger-Tas, Josine 1929-2011 |a Junger, J. 1929-2011 |a Tas, J. Junger- 1929-2011 |a Tas, Josine Junger- 1929-2011 | ||
| 245 | 1 | 0 | |a Bullying and delinquency in a Dutch school population |c Josine Junger-Tas; John van Kesteren |
| 264 | 1 | |a The Hague |b Kugler [u.a.] |c 1999 | |
| 300 | |a VIII, 106 S. |b graph. Darst. | ||
| 336 | |a Text |b txt |2 rdacontent | ||
| 337 | |a ohne Hilfsmittel zu benutzen |b n |2 rdamedia | ||
| 338 | |a Band |b nc |2 rdacarrier | ||
| 583 | 1 | |a Archivierung prüfen |c 20200919 |f DE-640 |z 3 |2 pdager | |
| 689 | 0 | 0 | |d g |0 (DE-588)4042203-3 |0 (DE-627)104400765 |0 (DE-576)209049030 |a Niederlande |2 gnd |
| 689 | 0 | 1 | |d s |0 (DE-588)4053474-1 |0 (DE-627)104409630 |0 (DE-576)209103981 |a Schule |2 gnd |
| 689 | 0 | 2 | |d s |0 (DE-588)4316405-5 |0 (DE-627)36818305X |0 (DE-576)21118263X |a Psychoterror |2 gnd |
| 689 | 0 | 3 | |d s |0 (DE-588)4157237-3 |0 (DE-627)105502421 |0 (DE-576)209832878 |a Gewalttätigkeit |2 gnd |
| 689 | 0 | 4 | |d s |0 (DE-588)4033178-7 |0 (DE-627)10458503X |0 (DE-576)209000511 |a Kriminalität |2 gnd |
| 689 | 0 | |5 (DE-627) | |
| 700 | 1 | |a Kesteren, John van |0 (DE-588)1047175568 |0 (DE-627)777765063 |0 (DE-576)400514230 |4 aut | |
| 951 | |a BO | ||
| ELC | |b 1 | ||
| LOK | |0 000 xxxxxcx a22 zn 4500 | ||
| LOK | |0 001 3111145115 | ||
| LOK | |0 003 DE-627 | ||
| LOK | |0 004 1605358800 | ||
| LOK | |0 005 20000315000000 | ||
| LOK | |0 008 000128||||||||||||||||ger||||||| | ||
| LOK | |0 040 |a DE-21 |c DE-627 |d DE-21 | ||
| LOK | |0 852 |a DE-21 | ||
| LOK | |0 852 1 |c KB 8 E 8262 |9 00 | ||
| LOK | |0 935 |a krim | ||
| LOK | |0 936ln |a k4.2.2 | ||
| LOK | |0 939 |a 28-01-00 |b l01 | ||
| LOK | |0 000 xxxxxcx a22 zn 4500 | ||
| LOK | |0 001 3111145182 | ||
| LOK | |0 003 DE-627 | ||
| LOK | |0 004 1605358800 | ||
| LOK | |0 005 20071122142258 | ||
| LOK | |0 008 071122||||||||||||||||ger||||||| | ||
| LOK | |0 040 |a DE-21-110 |c DE-627 |d DE-21-110 | ||
| LOK | |0 541 |e 07/296 | ||
| LOK | |0 689 |a s |a Bullying | ||
| LOK | |0 689 |a s |a Delinquenz | ||
| LOK | |0 689 |a s |a Schule | ||
| LOK | |0 689 |a g |a Niederlande | ||
| LOK | |0 689 |a s |a Geschlecht | ||
| LOK | |0 689 |a s |a Ethnizität | ||
| LOK | |0 689 |a s |a Familie | ||
| LOK | |0 689 |a s |a Viktimisierung | ||
| LOK | |0 689 |a s |a Schulleistung | ||
| LOK | |0 689 |a s |a Erziehungsstil | ||
| LOK | |0 689 |a s |a Religiosität | ||
| LOK | |0 689 |a s |a Bindung | ||
| LOK | |0 852 |a DE-21-110 | ||
| LOK | |0 852 1 |c N XIII 333 |m p |9 00 | ||
| LOK | |0 936ln |a 8.7.8 | ||
| LOK | |0 938 |k p | ||
| LOK | |0 939 |a 22-11-07 |b l01 | ||
| ORI | |a SA-MARC-krimdoka001.raw | ||
| SIG | |a IFK: N XIII 333 | ||
| SIG | |a UB: KB 8 E 8262 | ||
| TIM | |a 100018150101_100020261231 |b 1815 - 2026 | ||
